Witamy w Bibliotece Naukowej Instytutu Łączności!

Vysokocastotnye impul'snye stabilizatory postojannogo naprjazenija / (Rekord nr 4207)

000 -LEADER
fixed length control field 00291 a2200085 4500
100 1# - MAIN ENTRY--PERSONAL NAME
Personal name Chusainov, C. I..
Relator term Autor
245 0# - TITLE STATEMENT
Title Vysokocastotnye impul'snye stabilizatory postojannogo naprjazenija /
Statement of responsibility, etc Chusainov C. I..
260 ## - PUBLICATION, DISTRIBUTION, ETC. (IMPRINT)
Place of publication, distribution, etc Moskva :
Name of publisher, distributor, etc Energija,
Date of publication, distribution, etc 1980.
300 ## - PHYSICAL DESCRIPTION
Extent 88 s.;
Dimensions 25 cm.
710 2# - ADDED ENTRY--CORPORATE NAME
Corporate name or jurisdiction name as entry element Energija.
Relator term Wydawca
Relator code pbl

Brak dostępnych egzemplarzy.

Działa dzięki Koha